Wrestlers A-Z (Male) - Picture Quiz - Statistics

General Stats
  • This quiz has been taken 298 times
  • The average score is 21 of 26
Answer Stats
Picture Hint Answer % Correct
A Andre the Giant
96%
H Hulk Hogan
96%
J John Cena
96%
K Kane
95%
E Edge
94%
R The Rock
92%
G Goldberg
91%
M The Miz
91%
U The Undertaker
91%
C Chris Jericho
90%
T Triple H
90%
F Finn Balor
89%
D Dusty Rhodes
88%
V Vince McMahon
88%
S Stone Cold Steve Austin
87%
O Owen Hart
81%
Y Yokozuna
78%
L Lex Luger
76%
B Bruno Sammartino
73%
I The Iron Sheik
73%
W William Regal
73%
X X-Pac
73%
Z Zack Ryder
71%
P Pat Patterson
46%
N Nikolai Volkoff
38%
Q QT Marshall
23%
No matching quizzes found
Score Distribution
Percent of People with Each Score
Percentile by Number Answered
Your Score History
You have not taken this quiz